000 00760nam a2200193 a 4500
001 000045628
005 20250307073711.0
008 150417d1984 dr ac 000 0 spa d
040 _aDO-SdBNP
_bspa
_cBNPHU
082 _axxxx
_bxxxx
100 1 _aHenríquez Ureña, Pedro,
_d1884-1946
_91718
245 1 0 _aPoesías juveniles /
_cPedro Henríquez Ureña.
260 _aSanto Domingo :
_bTaller,
_c1984.
300 _a72 p. :
_bil., retrs. ;
_c17 cm.
490 1 _aE. Rodríquez Demorizi
_v19
500 _aA la cabeza del título: Feria Nacional del Libro, 1984. Homenaje a Pedro Henríquez Ureña en el centenario de su nacimiento, 1884.
500 _aPerteneció a la biblioteca personal de Erick Landestoy.
830 0 _aE. Rodríquez Demorizi ;
_n19
_973694
999 _c45117
_d45117